000 00693nam a2200289Ia 4500
005 20260324133616.0
008 008 260324s9999 xx 000 0 eng d
020 _a9781315251295
037 _aEBOOK
040 _aCRL
040 _beng
040 _cCRL
041 _2eng
041 _aeng
084 _qCRL
100 _aAmelia A. Zurcher
_91193723
245 0 _aJudith Man
245 0 _bPrinted Writings 1500–1640: Series I, Part Three, Volume 2
260 _bTaylor and Francis
260 _c2003
365 _a
365 _b205
856 _uhttp://www.taylorfrancis.com/books/9781315251295
942 _cEBOOK
999 _c1792955
_d1792955